| 000 | 00561nam a2200181Ia 4500 | ||
|---|---|---|---|
| 003 | OSt | ||
| 005 | 20200810122429.0 | ||
| 008 | 190216s9999||||xx |||||||||||||| ||und|| | ||
| 020 | _a9971513021 | ||
| 040 | _coclc | ||
| 082 |
_a001.424 _bRAV/O |
||
| 100 |
_aRavindran, A _93994 |
||
| 245 | 0 |
_aOperations Research : _bPrinciples And Practice / _cA Ravindran ; Don T Phillips ; James J Solberg |
|
| 250 | _a2nd Ed. | ||
| 260 |
_bJohn Wiley & Sons, _c2000. _aNew York: |
||
| 300 | _a637p | ||
| 942 |
_cBK _2ddc _h001.424 _iRAV/O _k001.424 _mRAV/O |
||
| 999 |
_c31845 _d31845 |
||